Svoboda volby

Saved in:
Bibliographic Details
Main Author: Friedman, Milton
Other Authors: Friedman, Rose D., Vrecionov, Pavel, Vrecionov, Vladimír
Format: Book
Language:Czech
Published: Jinočany H&H 1992
Edition:1. vyd.
Subjects:
Tags: Add Tag
No Tags, Be the first to tag this record!

MARC

LEADER 00000nam a2200000 4500
001 c001918
005 20221214091933.5
020 |a 80-85467-85-2 
041 0 |a cze 
044 |a CZ 
245 1 0 |a Svoboda volby  |c Milton Friedman, Rose D. Friedman ; [Z angl. prel.] Pavel Vrecionov, Vladimír Vrecionov 
250 |a 1. vyd. 
264 1 |a Jinočany  |b H&H  |c 1992 
300 |a 318 s. 
610 2 0 |a trh 
610 2 0 |a vláda 
610 2 0 |a kríza 
610 2 0 |a školstvo 
610 2 0 |a zákazníci 
610 2 0 |a zamestnanci 
610 2 0 |a inflácia 
610 2 0 |a socializmus 
610 2 0 |a výdavky 
610 2 0 |a demokracia 
610 2 0 |a hospodárstvo trhové 
100 1 |a Friedman, Milton 
700 1 |a Friedman, Rose D. 
700 1 |a Vrecionov, Pavel 
700 1 |a Vrecionov, Vladimír